00245nam a22001097a 4500008004100000082001500041100001300056245003600069260000900105300000800114440001300122230717b xxu||||| |||| 00| 0 eng d a363.8bFAO cJ Albert aFood, Nutrition and Agriculture c2003 a94p x1014806X